Statistics for The Beatles #1 Hits

Click here to take the quiz!

General Stats

  • This quiz has been taken 194 times
  • The average score is 17 of 27

Answer Stats

Songs in Chronological OrderAnswer% Correct
Song 26- 1970Let It Be
88%
Song 10- 1965Help!
78%
Song 1- 1962Love Me Do
77%
Song 11- 1965Yesterday
77%
Song 21- 1968Hey Jude
76%
Song 4- 1963I Want To Hold Your Hand
76%
Song 15- 1966Yellow Submarine
76%
Song 3- 1963She Loves You
73%
Song 6- 1964A Hard Day's Night
71%
Song 25- 1969Come Together
69%
Song 17- 1967Penny Lane
67%
Song 24- 1969Something
66%
Song 22- 1969Get Back
62%
Song 27- 1970The Long And Winding Road
62%
Song 16- 1966Eleanor Rigby
61%
Song 5- 1964Can't Buy Me Love
58%
Song 14- 1966Paperback Writer
57%
Song 18- 1967All You Need Is Love
56%
Song 9- 1965Ticket To Ride
55%
Song 8- 1964Eight Days A Week
54%
Song 12- 1965Day Tripper
50%
Song 2- 1963From Me To You
48%
Song 7- 1964I Feel Fine
48%
Song 19- 1967Hello, Goodbye
47%
Song 23- 1969The Ballad Of John And Yoko
47%
Song 13- 1965We Can Work It Out
44%
Song 20- 1968Lady Madonna
43%

Score Distribution

Percentile by Number Answered

Percent of People with Each Score

Your Score History

You have not taken this quiz